Library Banner

(شہباز شریف)Shahbaz Sharif (Urdu) (Record no. 68973)

MARC details
000 -LEADER
fixed length control field 00657nam a2200193Ia 4500
001 - CONTROL NUMBER
control field 65664
003 - CONTROL NUMBER IDENTIFIER
control field OSt
005 - DATE AND TIME OF LATEST TRANSACTION
control field 20160308113142.0
008 - FIXED-LENGTH DATA ELEMENTS--GENERAL INFORMATION
fixed length control field 150403s9999 xx 000 0 und d
020 ## - INTERNATIONAL STANDARD BOOK NUMBER
International Standard Book Number 9789698455637
040 ## - CATALOGING SOURCE
Transcribing agency PK-LaUMT
082 ## - DEWEY DECIMAL CLASSIFICATION NUMBER
Classification number 320.954914
Item number AKH-S
100 ## - MAIN ENTRY--PERSONAL NAME
Personal name Akhlaq, Chaudhary Muhammad
245 ## - TITLE STATEMENT
Title (شہباز شریف)Shahbaz Sharif (Urdu)
Remainder of title (سیاست اور عمل)siyasat aur aml
Statement of responsibility, etc (اخلاق، چوھدری محمد)Akhlaq, Chaudhary Muhammad
260 ## - PUBLICATION, DISTRIBUTION, ETC. (IMPRINT)
Place of publication, distribution, etc (لاہور، پاکستان)Lahore,Pakistan:
Name of publisher, distributor, etc (جمیعت پبلیکیشنز)Jamiat Publications,
Date of publication, distribution, etc 2011
300 ## - PHYSICAL DESCRIPTION
Extent 294 p.
546 ## - LANGUAGE NOTE
Language note UR
942 ## - ADDED ENTRY ELEMENTS (KOHA)
Koha item type Books
Source of classification or shelving scheme Dewey Decimal Classification
Holdings
Withdrawn status Lost status Damaged status Not for loan Home library Current library Date acquired Total Checkouts Full call number Barcode Date last seen Date checked out Price effective from Koha item type
        UMT Main Campus UMT Main Campus 2015-04-03 1 320.954914 AKH-S 88785 2015-12-10 2015-12-02 2015-04-03 Books